| 000 | 01115 a2200205 4500 | ||
|---|---|---|---|
| 001 | 46303 | ||
| 005 | 20260407155735.0 | ||
| 008 | 260407a1966 arg spa d | ||
| 003 | AR-UNSa-BCEJYS | ||
| 040 |
_aAR-UNSa-BCEJYS _bspa _cAR-UNSa-BCEJYS |
||
| 080 |
_a330.342.14 _xEconomía capitalista |
||
| 245 | 1 | 0 | _aCapitalismo y Libertad |
| 264 | 1 |
_aMadrid : _bEdiciones Rialp _c1966 |
|
| 300 |
_a256 p. _c24 cm. |
||
| 505 | _a1. La relación entre libertad económica y libertad política – 2. La función del Estado en una sociedad libre – 3. El control monetario – 4. Organización de las finanzas y el comercio internacionales – 5. Política fiscal – 6. La función del Estado en la educación – 7. Capitalismo y discriminación – 8. El monopolio y la responsabilidad social de la empresa y del trabajo – 9. El sistema de licencias profesionales – 10. La distribución de la renta – 11. Medidas de bienestar social – 12. El alivio de la pobreza – 13. Conclusión. | ||
| 942 | _cBK | ||
| 590 | _aniveau_biblio:m niveau_hierar:0 | ||
| 100 | 1 | _aFriedman, Rose D. | |
| 700 | 1 | _aFriedman, Milton | |
| 999 |
_c4175 _d4175 |
||